| 000 | 00428nam a2200181Ia 4500 | ||
|---|---|---|---|
| 005 | 20250603145333.0 | ||
| 008 | 250603s9999 xx 000 0 und d | ||
| 020 | _a9780194229791 |a 0194229793 | ||
| 050 | _aPE 1119 .C66/ | ||
| 100 | _aCookson, Catherine. | ||
| 245 | 0 | _aMatty doolin | |
| 260 | _aOxford | ||
| 260 | _bOxford University Press | ||
| 260 | _c2008 | ||
| 300 | _a56 p | ||
| 650 | _aOxford | ||
| 942 | _cBK | ||
| 999 |
_c41566 _d41566 |
||